000 00889nam a22002651a 4500
001 34503
003 BD-RjUL
005 20211209052153.0
008 140517t164 1955enka 001 0 eng d
035 _a(BD-RjUL)34597
040 _aLC
_beng
_cLC
_dLC
_dBD-RjUL
041 _aeng
082 0 4 _a331.833
_bMEP 1964
100 1 _aMeyerson, Martin.
_9104951
245 1 0 _aPolitics, planning, and the public interest :
_bthe case of public housing in Chicago /
_cby Martin Meyerson and Edward C. Banfield.
260 _aLondon :
_bFree Press
_cc1955 [1964].
300 _a353 p. :
_bill. ;
_c21 cm.
504 _aIncludes index.
650 0 _aPublic housing
_zIllinois
_zChicago.
_9104952
650 0 _aAfrican Americans
_xHousing
_zIllinois
_zChicago.
_9104953
700 1 _aBanfield, Edward C,
_ejoint author.
_918886
942 _2ddc
_cBK
999 _c34503
_d34503